| 000 | 01409nab a2200229 i 4500 | ||
|---|---|---|---|
| 001 | 768714001 | ||
| 003 | CO-MdFUSB | ||
| 005 | 20240609102937.0 | ||
| 008 | 240530t1974 ag ||||| |||| 00| 0 spa d | ||
| 040 |
_bspa _cCO-MdFUSB _dCO-MdFUSB |
||
| 041 | _aspa | ||
| 100 |
_aGrau, José _d1931-2014 _eautor |
||
| 245 | 1 | 3 |
_aLa violencia : _buna perspectiva bíblica _c/ José Grau |
| 520 | _aLa violencia tenía un carácter sagrado para los antiguos.Los babilonios creían que el mundo había comenzado cuando Marduk, la deidad de Judá, destruyó el cráneo de Tiamat con vientos y relámpagos y dividió su cuerpo en dos mitades. Los griegos divinizaron la violencia. En Corinto había un templo dedicado a la violencia. La Biblia, por otro lado, trata la violencia como una consecuencia del pecado humano. Se manifiesta desde el principio de la humanidad en Caín, hijo de la primera pareja, quien confiesa su culpa. El diluvio es el castigo de Dios a un mundo que "corrompió su camino en la tierra" y que expresó esta corrupción a través de la violencia. | ||
| 650 | 7 |
_aViolencia _92121 |
|
| 650 | 0 |
_aBien y mal _9936 |
|
| 650 | 7 |
_aDios _9178 |
|
| 650 | 0 |
_aBiblia _916 |
|
| 773 | 0 |
_069974 _982717 _dBuenos Aires _oR2609 _tCerteza _w(CO-MdFUSB)768714001 _gNúmero 56, (octubre - diciembre, 1974) páginas: 228 - 229 _qpágina: 228 |
|
| 942 | _cANA | ||
| 945 | _aCatherine Arias Álvarez - Practicante SENA | ||
| 999 |
_c70007 _d70007 |
||